000 00772nam a2200229 a 4500
001 13839
003 BD-JhCC
005 20240422093347.0
008 201104b1989 bg |||| ||a| 000 0 ben d
035 _a(BD-JhCC)13839
040 _aBD-JhCC
_dBD-JhCC
041 _abengali
082 _a153
_bMON 1989
245 _aমন ও মনোবিজ্ঞান /
_cসম্পা: এ খালেক ,এ.ইউ.আহমেদ।
260 _aঢাকা:
_bইউনিভার্সিটি প্রেস লিমিটেড;
_c1989.
300 _a243 p. :
_c20 cm.
651 _aCognitive psychology
_xCognition
_zCognitive neuroscience
700 _aখালেক ,এ
700 _aআহমেদ,এ.ইউ
942 _2ddc
_cBK
_08
999 _c13839
_d13839